LEADER 01030nam0 22002891i 450 001 SUN0056984 005 20140623052907.882 010 $a07-514-0275-3 100 $a20061213d1992 |0engc50 ba 101 $aeng 102 $aGB 105 $a|||| ||||| 200 1 $aˆThe ‰stability of slopes$fE. N. Bromhead 205 $a2. ed 210 $aLondon$cBlackie$d1992 215 $aXI, 411 p.$cill.$d23 cm. 620 $aGB$dLondon$3SUNL000015 676 $a624.151363$v21 700 1$aBromhead$b, Eddie$3SUNV033464$0556101 712 $aBlackie$3SUNV000718$4650 790 1$aBromhead, E. N.$zBromhead, Eddie$3SUNV033465 801 $aIT$bSOL$c20181109$gRICA 912 $aSUN0056984 950 $aUFFICIO DI BIBLIOTECA DEI DIPARTIMENTI DI INGEGNERIA$d05 CONS G V 002 $e05 1136 995 $aUFFICIO DI BIBLIOTECA DEI DIPARTIMENTI DI INGEGNERIA$bIT-CE0100$h1136$kCONS G V 002$oc$qa 996 $aStability of slopes$9986078 997 $aUNICAMPANIA LEADER 03587nam 2200697 a 450 001 9910779196403321 005 20210209194647.0 010 $a1-280-12711-2 010 $a9786613530974 010 $a1-55238-503-5 024 7 $a10.1515/9781552385036 035 $a(CKB)2550000000099532 035 $a(EBL)3279984 035 $a(SSID)ssj0000654235 035 $a(PQKBManifestationID)11349371 035 $a(PQKBTitleCode)TC0000654235 035 $a(PQKBWorkID)10661109 035 $a(PQKB)10155344 035 $a(CEL)443714 035 $a(OCoLC)756268992 035 $a(CaBNVSL)slc00228921 035 $a(MiAaPQ)EBC3279984 035 $a(MiAaPQ)EBC4952074 035 $a(Au-PeEL)EBL4952074 035 $a(CaONFJC)MIL353097 035 $a(OCoLC)1024275341 035 $a(VaAlCD)20.500.12592/mwvh4r 035 $a(DE-B1597)664103 035 $a(DE-B1597)9781552385036 035 $a(EXLCZ)992550000000099532 100 $a20110930h20112011 uy 0 101 0 $aeng 135 $aurmn#---uuuuu 181 $ctxt$2rdaconent 182 $cc$2rdamedia 183 $acr$2rdacarrier 200 00$aAfter appropriation$b[electronic resource] $eexplorations in intercultural philosophy and religion /$fedited by Morny Joy 210 1$aCalgary [Alta.] :$cUniversity of Calgary Press,$d2011. 210 31$aSaint-Lazare, Quebec :$cCanadian Electronic Library,$d2012. 210 4$d©2011 215 $a1 online resource (330 pages) $cdigital file(s) 300 $aBased on papers presented at the workshop: Comparative Philosophy and Religion, held at the University of Calgary, Calgary, Alta., in 2006. 311 08$aPrint version: 1552385027 327 $aIntroduction --Comparative studies in Philosophy/Religion and dialogue as mutual "strangification" (Waitui ??) --The philosopher as stranger: the idea of comparative philosophy --Locating intercultural philosophy in relation to religion --The connecting Manas: inner sense, common sense, or the organ of imagination --Studying the "Other": challenges and prospectives of Muslim scholarship on world religions --The vice of ethics: the critique of morality in Nietzsche, Kierkegaard, and Daoism --Comparative philosophy of religion and modern Jewish philosophy: a conversation --Philosophy, medicine, science, and boundaries -- Religious intellectual texts as a site for intercultural philosophical and theological reflection: the case of the ?r?mad Rahasyatrayas?ra and the Traité de l'Amour de Dieu --Phenomenology of awakening in Zhiyi's Tiantai philosophy --Ibn Rushd or Averroës? Of double names and double truths: a different approach to Islamic philosophy --The use of Lak?a?? in Indian Exegesis --Women's rights as human rights: explorations in intercultural philosophy and religion --Notes on Contributors --Index. 330 $aA unique workshop held at the University of Calgary in 2007 marked the beginning of an interdisciplinary project to bring together scholars from philosophy and religion for discussion on a regular basis. This book consists of thirteen essays stemming from the workshop. 606 $aReligions 606 $aPhilosophy, Comparative 606 $aPhilosophy and religion 615 0$aReligions. 615 0$aPhilosophy, Comparative. 615 0$aPhilosophy and religion. 676 $a201.61 702 $aJoy$b Morny 801 0$bMiAaPQ 801 1$bMiAaPQ 801 2$bMiAaPQ 801 2$bUkMaJRU 906 $aBOOK 912 $a9910779196403321 996 $aAfter appropriation$93792789 997 $aUNINA